000 01713cam a22004934i 4500
003 PE-LiUPU
005 20250731165500.0
008 150623s r 000 0 d
020 _a067174271X
035 _a(Sirsi) i9780671742713
040 _aPE-LiUPU
_bspa
_cPE-LiUPU
_erda
049 _aPRUA
082 0 4 _a902.02
_bT84
_221
100 1 _aGrun, Bernard,
_d1901-1972,
_eautor.
245 1 4 _aThe timetables of history :
_ba horizontal linkage of people and events /
_cBernard Grun.
264 1 _aNew York, N.Y. :
_bSimon & Shuster a Touchstone Book,
_c1991.
300 _a723 páginas :
_bilustraciones, gráficos ;
_c28 centímetros
336 _atext
_2rdacontent
337 _aunmediated
_2rdamedia
338 _avolume
_2rdacarrier
505 0 _aThe timetables of history.
526 _aSEG44
526 _aSEG26
526 _aP151
526 _aP150
526 _aP149
526 _aP146
526 _aP145
526 _aP126
526 _aP125
526 _aP92
526 _aP75
526 _aP74
526 _aP27
526 _aP15
650 0 4 _aCronología histórica
_vTablas.
700 1 _aGrun, Bernard,
_eed.
942 _2ddc
_cBOOK
949 _aRC 902.02 T84
_wDEWEY
_c1
_i46251
_lCCODEBUL1
_mBUL
_r0
_sY
_tBOOK
_u2015-6-24
_xTEOLOGIA
_zUNKNOWN
_0COMPRA
_o.CIRCNOTE. No olvidar cambiar la fecha de devolución!!!!!!!
_o.STAFF. Colección General
994 _aC0
_bPEPRU
596 _a1
999 _aRC 902.02 T84
_wDEWEY
_c23027
_i46251
_f2021-11-8
_g5
_lCCODEBUL1
_mBUL
_r1
_sY
_tBOOK
_u2015-6-24
_xTEOLOGIA
_zUNKNOWN
_0COMPRA
_o.CIRCNOTE. No olvidar cambiar la fecha de devolución!!!!!!!
_o.STAFF. Colección General
_d23027
980 _81
_gALBERTO SANCHEZ Responsable de Automatización